[Event "CZE-chTA U20 1213"]
[Site "Czech Republic"]
[Date "2013.04.14"]
[Round "11.4"]
[White "Johnova, Eliska"]
[Black "Svoboda, Matej"]
[Result "0-1"]
[WhiteElo "1848"]
[BlackElo "1955"]
[PlyCount "62"]
[EventDate "2012.10.06"]
[EventType "team-tourn"]
[EventRounds "11"]
[EventCountry "CZE"]
[SourceTitle "EXT 2015"]
[Source "ChessBase"]
[SourceDate "2014.11.20"]
[SourceVersion "1"]
[SourceVersionDate "2014.11.20"]
[SourceQuality "1"]
[WhiteTeam "Most Chess (U20)"]
[BlackTeam "Frydek Mistek (U20)"]
[WhiteTeamCountry "CZE"]
[BlackTeamCountry "CZE"]

1. e4 d6 2. d4 Nf6 3. Nc3 g6 4. g3 Bg7 5. Bg2 c6 6. f4 0-0 7. Nf3 Bg4 8. h3 Bxf3 9. Bxf3 e5 10. Be3 Qc7 11. 0-0 Re8 12. g4 Na6 13. g5 Nd7 14. f5 exd4 15. Bxd4 Bxd4+ 16. Qxd4 Qb6 17. Rad1 Rad8 18. Kg2 Ne5 19. Rf2 Nc5 20. Rfd2 Qxb2 21. Be2 Qb6 22. Qf2 Qb4 23. Qe3 gxf5 24. Rd4 Qb6 25. Qg3 f4 26. Qh4 Ne6 27. Na4 Qa5 28. Nb2 Nxd4 29. Rxd4 f3+ 30. Bxf3 Nxf3 31. Kxf3 Qc3+ 0-1

[Event "CZE-chTA U20 1213"]
[Site "Czech Republic"]
[Date "2013.04.12"]
[Round "8.4"]
[White "Svoboda, Matej"]
[Black "Horak, Ales"]
[Result "1-0"]
[WhiteElo "1955"]
[BlackElo "1708"]
[PlyCount "65"]
[EventDate "2012.10.06"]
[EventType "team-tourn"]
[EventRounds "11"]
[EventCountry "CZE"]
[SourceTitle "EXT 2015"]
[Source "ChessBase"]
[SourceDate "2014.11.20"]
[SourceVersion "1"]
[SourceVersionDate "2014.11.20"]
[SourceQuality "1"]
[WhiteTeam "Frydek Mistek (U20)"]
[BlackTeam "Udlice (U20)"]
[WhiteTeamCountry "CZE"]
[BlackTeamCountry "CZE"]

1. e4 e5 2. Nf3 Nc6 3. Bb5 a6 4. Ba4 Nf6 5. 0-0 b5 6. Bb3 Be7 7. Re1 0-0 8. c3 d5 9. exd5 Nxd5 10. Nxe5 Nxe5 11. Rxe5 c6 12. d4 Bd6 13. Re1 Qh4 14. g3 Qh3 15. Qd3 Bf5 16. Qf1 Qh5 17. Bxd5 cxd5 18. Be3 Bh3 19. Qe2 Bg4 20. Qd3 f5 21. f4 g5 22. Nd2 gxf4 23. Bxf4 Bxf4 24. gxf4 Ra7 25. Re3 Rg7 26. Kh1 Rf6 27. Rae1 Kf8 28. Nf1 Rh6 29. c4 Re7 30. Rxe7 Bf3+ 31. Kg1 Qg4+ 32. Ng3 Rxh2 33. Qxf5+ 1-0

[Event "Stare Mesto op"]
[Site "Stare Mesto"]
[Date "2012.08.13"]
[Round "5"]
[White "Svoboda, Matej"]
[Black "Horsak, Jan"]
[Result "0-1"]
[WhiteElo "1934"]
[BlackElo "2112"]
[PlyCount "88"]
[EventDate "2012.08.10"]
[EventType "swiss"]
[EventRounds "10"]
[EventCountry "CZE"]
[SourceTitle "CBM 149 Extra"]
[Source "ChessBase"]
[SourceDate "2012.08.24"]
[SourceVersion "1"]
[SourceVersionDate "2012.08.24"]
[SourceQuality "1"]

1. e4 d6 2. d4 Nf6 3. Nc3 g6 4. Nf3 Bg7 5. h3 0-0 6. Be3 c6 7. Qd2 Qa5 8. Bd3 e5 9. 0-0 Nbd7 10. Rad1 b5 11. a3 a6 12. Rfe1 c5 13. b4 cxb4 14. Ne2 Bb7 15. axb4 Qc7 16. Ng3 Rac8 17. Bh6 Qc3 18. Qg5 Ne8 19. Bxg7 Nxg7 20. dxe5 Nxe5 21. Qe7 Nxf3+ 22. gxf3 Qc7 23. Qxc7 Rxc7 24. Nf1 Ne6 25. Ne3 Nd4 26. Kg2 Kg7 27. Rd2 Rfc8 28. Ra1 f5 29. Ra2 Rf8 30. Nd5 Rcf7 31. Bf1 Nxf3 32. Kxf3 fxe4+ 33. Kxe4 Rf4+ 34. Ke3 Bxd5 35. Rxd5 Rf3+ 36. Kd2 Rxf2+ 37. Kc3 Rxf1 38. Rxa6 Rc8+ 39. Kb3 Rb1+ 40. Ka2 Rxb4 41. Rdxd6 Rxc2+ 42. Ka3 Ra4+ 43. Rxa4 bxa4 44. Kxa4 Rc3 0-1

[Event "Stare Mesto op"]
[Site "Stare Mesto"]
[Date "2012.08.10"]
[Round "1"]
[White "Svoboda, Matej"]
[Black "Simantsev, Mikhail"]
[Result "1/2-1/2"]
[WhiteElo "1934"]
[BlackElo "2526"]
[PlyCount "110"]
[EventDate "2012.08.10"]
[EventType "swiss"]
[EventRounds "10"]
[EventCountry "CZE"]
[SourceTitle "CBM 149 Extra"]
[Source "ChessBase"]
[SourceDate "2012.08.24"]
[SourceVersion "1"]
[SourceVersionDate "2012.08.24"]
[SourceQuality "1"]

1. e4 c5 2. Nf3 e6 3. d4 cxd4 4. Nxd4 a6 5. Nc3 b5 6. Bd3 Qb6 7. Nb3 Qc7 8. 0-0 Nf6 9. f4 b4 10. Ne2 Bb7 11. Ng3 h5 12. Re1 h4 13. Nf1 d6 14. Bd2 Nbd7 15. c3 d5 16. e5 Ne4 17. Bxe4 dxe4 18. cxb4 Qb6+ 19. Ne3 g5 20. fxg5 Bxb4 21. Bxb4 Qxb4 22. g6 Nxe5 23. gxf7+ Kxf7 24. Rc1 Rac8 25. Rxc8 Bxc8 26. Qc1 Nd3 27. Qc7+ Kg6 28. Re2 Rf8 29. Qc4 Qxc4 30. Nxc4 Bb7 31. Nd6 Nf4 32. Re3 Bd5 33. Nxe4 Nxg2 34. Kxg2 Rf4 35. Nbc5 Kf5 36. Ra3 Bxe4+ 37. Nxe4 Rxe4 38. Kf3 Rc4 39. Ra5+ e5 40. Rxa6 Rc2 41. Rh6 Rxb2 42. Rxh4 Rxa2 43. Rh5+ Ke6 44. Ke4 Ra4+ 45. Ke3 Kd5 46. Rh8 Ra3+ 47. Ke2 Kd4 48. Re8 Rh3 49. Ra8 Rxh2+ 50. Ke1 Rc2 51. Ra5 Ke4 52. Ra3 Kf4 53. Ra4+ e4 54. Ra3 Rg2 55. Rb3 e3 1/2-1/2

[Event "CZE-chTE U20 1112"]
[Site "Czech Republic"]
[Date "2012.04.14"]
[Round "6.3"]
[White "Svoboda, Matej"]
[Black "Pulpan, Jakub"]
[Result "1/2-1/2"]
[WhiteElo "1982"]
[BlackElo "1988"]
[PlyCount "64"]
[EventDate "2011.10.15"]
[EventType "team-tourn"]
[EventRounds "7"]
[EventCountry "CZE"]
[SourceTitle "CBM 148 Extra"]
[Source "ChessBase"]
[SourceDate "2012.06.22"]
[SourceVersion "1"]
[SourceVersionDate "2012.06.22"]
[SourceQuality "1"]
[WhiteTeam "BSS FM"]
[BlackTeam "Polabiny"]
[WhiteTeamCountry "CZE"]
[BlackTeamCountry "CZE"]

1. e4 c5 2. Nf3 e6 3. d4 cxd4 4. Nxd4 a6 5. Nc3 Qc7 6. Bd3 Nf6 7. 0-0 Nc6 8. Nxc6 bxc6 9. f4 d5 10. e5 Nd7 11. Qg4 g6 12. Kh1 c5 13. Bd2 Bg7 14. Rae1 Bb7 15. b3 h5 16. Qh3 0-0-0 17. Na4 Kb8 18. Nb2 h4 19. c4 Ka7 20. Re2 Bc6 21. Kg1 g5 22. cxd5 Bxd5 23. fxg5 Bxe5 24. Nc4 Bxc4 25. Bxc4 Nb6 26. Ba5 Rd7 27. g6 fxg6 28. Bxb6+ Kxb6 29. Qxe6+ Bd6 30. h3 Re7 31. Qxg6 Rxe2 32. Bxe2 c4 1/2-1/2

[Event "CZE-ch U16"]
[Site "Kouty nad Desnou"]
[Date "2012.03.15"]
[Round "7"]
[White "Slampa, Jan"]
[Black "Svoboda, Matej"]
[Result "1/2-1/2"]
[WhiteElo "1971"]
[BlackElo "1966"]
[PlyCount "98"]
[EventDate "2012.03.10"]
[EventType "swiss"]
[EventRounds "9"]
[EventCountry "CZE"]
[SourceTitle "EXT 2013"]
[Source "ChessBase"]
[SourceDate "2012.11.22"]
[SourceVersion "1"]
[SourceVersionDate "2012.11.22"]
[SourceQuality "1"]

1. Nf3 Nf6 2. b3 d5 3. Bb2 e6 4. e3 c5 5. d4 Nc6 6. Nbd2 b6 7. c4 Bb7 8. Rc1 Rc8 9. Bd3 Be7 10. 0-0 cxd4 11. exd4 0-0 12. Qe2 Qd6 13. Rfd1 Rfd8 14. Bb1 Qb8 15. Ne5 dxc4 16. Ndxc4 Nb4 17. Ne3 Nbd5 18. Nxd5 Bxd5 19. Bd3 Rxc1 20. Rxc1 Rc8 21. Bc4 Qa8 22. f3 Rc7 23. Kf2 Qc8 24. Ba6 Bb7 25. Rxc7 Qxc7 26. Bxb7 Qxb7 27. Nc4 Nd5 28. Ne3 Bf6 29. Nxd5 Qxd5 30. Qe4 g6 31. Qxd5 exd5 32. Ke3 Kf8 33. a4 a6 34. Bc3 Ke7 35. h3 Bg5+ 36. Kd3 f5 37. Bb4+ Kd7 38. Be1 Kc6 39. Bc3 Be7 40. Be1 b5 41. Kc2 h5 42. Bd2 Bd6 43. Kd3 f4 44. Kc2 Kd7 45. Kd3 Ke6 46. Ke2 Kf5 47. h4 Be7 48. Be1 Bf6 49. Kd3 Be7 1/2-1/2

[Event "CZE-ch U14"]
[Site "Kouty nad Desnou"]
[Date "2011.03.19"]
[Round "9"]
[White "Svoboda, Matej"]
[Black "Navratil, Jiri2222"]
[Result "1-0"]
[WhiteElo "1883"]
[BlackElo "2034"]
[PlyCount "49"]
[EventDate "2011.03.12"]
[EventType "swiss"]
[EventRounds "9"]
[EventCountry "CZE"]
[SourceTitle "EXT 2014"]
[Source "ChessBase"]
[SourceDate "2013.11.20"]
[SourceVersion "1"]
[SourceVersionDate "2013.11.20"]
[SourceQuality "1"]

1. e4 c5 2. Nf3 d6 3. d4 cxd4 4. Nxd4 Nf6 5. Nc3 a6 6. Be2 e6 7. 0-0 Qc7 8. f4 b5 9. Bf3 b4 10. e5 d5 11. Nce2 Ne4 12. Be3 Bb7 13. f5 exf5 14. Nxf5 Qxe5 15. Bxe4 dxe4 16. Bd4 Qd5 17. c4 Qc6 18. Bxg7 Rg8 19. Bxf8 e3 20. Qd5 Rxg2+ 21. Kh1 Qxd5 22. cxd5 Rxe2 23. Nd6+ Kxf8 24. Rxf7+ Kg8 25. Rg1+ 1-0

[Event "CZE-chT2F 1011"]
[Site "Czech Republic"]
[Date "2011.02.06"]
[Round "7.7"]
[White "Svoboda, Matej"]
[Black "Fargac, Martin"]
[Result "1-0"]
[WhiteElo "1883"]
[BlackElo "1887"]
[PlyCount "133"]
[EventDate "2010.10.17"]
[EventType "team-tourn"]
[EventRounds "11"]
[EventCountry "CZE"]
[SourceTitle "EXT 2012"]
[Source "ChessBase"]
[SourceDate "2011.11.24"]
[SourceVersion "1"]
[SourceVersionDate "2011.11.24"]
[SourceQuality "1"]
[WhiteTeam "Frydek Mistek II"]
[BlackTeam "Trinec III"]
[WhiteTeamCountry "CZE"]
[BlackTeamCountry "CZE"]

1. e4 e5 2. Nf3 Nc6 3. Bb5 a6 4. Ba4 Nf6 5. 0-0 Nxe4 6. Re1 Nc5 7. Nxe5 Be7 8. Bxc6 dxc6 9. d4 Ne6 10. Be3 0-0 11. c4 Bf6 12. f4 b6 13. Nxc6 Qd6 14. Ne5 Rd8 15. Nc3 Bxe5 16. fxe5 Qb4 17. Qd3 Qxb2 18. Nd5 b5 19. Reb1 bxc4 20. Qxc4 Qa3 21. Rb3 Qa5 22. Ne7+ Kh8 23. Nc6 Qd5 24. Rc1 Qxc4 25. Rxc4 Rd5 26. Ne7 Rb5 27. d5 Rxb3 28. axb3 Nf8 29. Rxc7 Bg4 30. Nc6 Kg8 31. Bd4 Ng6 32. h3 Bd1 33. e6 fxe6 34. Rxg7+ Kf8 35. dxe6 Bxb3 36. e7+ Ke8 37. Rxh7 Rc8 38. Ne5 Nxe7 39. h4 a5 40. h5 Rc1+ 41. Kh2 Nf5 42. Bb2 Re1 43. Rh8+ Ke7 44. Nc6+ Kf7 45. Nxa5 Bd5 46. Rh7+ Kg8 47. Rd7 Bxg2 48. Kxg2 Re2+ 49. Kf3 Rxb2 50. Kf4 Rh2 51. Kxf5 Rf2+ 52. Kg5 Rg2+ 53. Kh4 Rh2+ 54. Kg4 Rg2+ 55. Kf5 Rf2+ 56. Kg6 Rg2+ 57. Kh6 Re2 58. Rg7+ Kh8 59. Rg6 Re7 60. Nc6 Rh7+ 61. Kg5 Rd7 62. Ne5 Ra7 63. Rf6 Ra5 64. Kg6 Ra8 65. Nd7 Kg8 66. h6 Re8 67. Rf8+ 1-0

[Event "CZE-chTE U20 1011"]
[Site "Czech Republic"]
[Date "2010.10.02"]
[Round "2.5"]
[White "Svoboda, Matej"]
[Black "Hofirek, Benedikt"]
[Result "1-0"]
[WhiteElo "1883"]
[BlackElo "1906"]
[PlyCount "89"]
[EventDate "2010.10.02"]
[EventType "team-tourn"]
[EventRounds "11"]
[EventCountry "CZE"]
[SourceTitle "EXT 2012"]
[Source "ChessBase"]
[SourceDate "2011.11.24"]
[SourceVersion "1"]
[SourceVersionDate "2011.11.24"]
[SourceQuality "1"]
[WhiteTeam "Frydek Mistek (U20)"]
[BlackTeam "Brno Lokomotiva (U20)"]
[WhiteTeamCountry "CZE"]
[BlackTeamCountry "CZE"]

1. e4 Nf6 2. e5 Nd5 3. d4 d6 4. c4 Nb6 5. f4 dxe5 6. fxe5 Nc6 7. Be3 Bf5 8. Nf3 Bg4 9. Nc3 e6 10. Be2 Bxf3 11. gxf3 Qh4+ 12. Bf2 Qf4 13. Qc1 Qxc1+ 14. Rxc1 0-0-0 15. Rd1 Bb4 16. Kf1 Rd7 17. a3 Bxc3 18. bxc3 Na5 19. Rg1 g6 20. c5 Nbc4 21. a4 c6 22. Ke1 Kc7 23. Rb1 Na3 24. Rb2 b6 25. cxb6+ axb6 26. d5 N5c4 27. d6+ Kc8 28. Rxb6 Nxb6 29. Ba6+ Kb8 30. Bxb6 Rb7 31. Bxb7 Kxb7 32. Bc7 Ra8 33. Rg4 c5 34. Rf4 Rf8 35. Kd1 g5 36. Rg4 Rg8 37. Kc1 h5 38. Re4 g4 39. Kb2 gxf3 40. Kxa3 Rg5 41. a5 Rxe5 42. a6+ Kxa6 43. d7 Rxe4 44. d8Q f5 45. Qb8 1-0

[Event "CZE-ch U14"]
[Site "Kouty nad Desnou"]
[Date "2010.03.08"]
[Round "4"]
[White "Svoboda, Matej"]
[Black "Cap, Adam"]
[Result "1-0"]
[WhiteElo "1894"]
[BlackElo "1733"]
[PlyCount "107"]
[EventDate "2010.03.06"]
[EventType "swiss"]
[EventRounds "9"]
[EventCountry "CZE"]
[SourceTitle "EXT 2012"]
[Source "ChessBase"]
[SourceDate "2011.11.24"]
[SourceVersion "1"]
[SourceVersionDate "2011.11.24"]
[SourceQuality "1"]

1. e4 e5 2. Nf3 Nc6 3. Bb5 a6 4. Ba4 Nf6 5. 0-0 b5 6. Bb3 Be7 7. Re1 d6 8. c3 Na5 9. Bc2 c5 10. d4 Qc7 11. Nbd2 0-0 12. h3 Nc6 13. d5 Nd8 14. a4 Rb8 15. axb5 axb5 16. b4 c4 17. Nf1 Ne8 18. Ng3 f6 19. Nf5 Nf7 20. Nxe7+ Qxe7 21. Be3 g6 22. Qe2 Ng7 23. Ra7 Bb7 24. Rea1 Ra8 25. R1a5 Qd7 26. Qd1 Rxa7 27. Rxa7 Ra8 28. Qa1 Rxa7 29. Qxa7 Bc8 30. Qa5 Qb7 31. Nd2 Qa6 32. Nb1 Kf8 33. Na3 Qxa5 34. bxa5 Ba6 35. Bd1 Ke8 36. Nc2 Kd7 37. Nb4 Bc8 38. Bb6 h5 39. h4 Nh6 40. f3 f5 41. Kf2 Ne8 42. Nc6 Ng8 43. g4 f4 44. gxh5 gxh5 45. Be2 Bb7 46. Bf1 Nef6 47. a6 Ba8 48. Bh3+ Ke8 49. Bc8 Nd7 50. Ba7 Nc5 51. Bxc5 dxc5 52. Bb7 b4 53. cxb4 cxb4 54. Nxb4 1-0

[Event "CZE-ch U12"]
[Site "Kouty nad Desnou"]
[Date "2009.03.12"]
[Round "7"]
[White "Svoboda, Matej"]
[Black "Blahynka, Martin"]
[Result "1-0"]
[WhiteElo "1886"]
[BlackElo "1889"]
[PlyCount "85"]
[EventDate "2009.03.07"]
[EventType "swiss"]
[EventRounds "9"]
[EventCountry "CZE"]
[SourceTitle "EXT 2011"]
[Source "ChessBase"]
[SourceDate "2010.11.26"]
[SourceVersion "1"]
[SourceVersionDate "2010.11.26"]
[SourceQuality "1"]

1. e4 c5 2. Nf3 Nc6 3. d4 cxd4 4. Nxd4 g6 5. Nc3 Bg7 6. Be3 Nf6 7. Bc4 Qa5 8. 0-0 0-0 9. Bb3 d6 10. h3 Bd7 11. Nd5 Nxe4 12. Nxc6 bxc6 13. Nxe7+ Kh8 14. Bd4 Rae8 15. Bxg7+ Kxg7 16. Qd4+ Qe5 17. Qxe5+ dxe5 18. Rfe1 Nc5 19. Rxe5 Ne6 20. Nxg6 hxg6 21. Rd1 Rd8 22. Ra5 c5 23. Rxa7 Nd4 24. Re1 Nb5 25. Ra5 Rfe8 26. Rxe8 Rxe8 27. Ba4 Rb8 28. c4 Nd6 29. Bxd7 Nxc4 30. Rxc5 Nxb2 31. Rb5 Rd8 32. Rxb2 Rxd7 33. Kf1 Re7 34. a4 Re5 35. Ra2 Ra5 36. Ke2 Kf6 37. Kd3 Ke5 38. Kc4 f5 39. Kb4 Ra8 40. a5 Kd4 41. Rd2+ Ke5 42. Kb5 Rb8+ 43. Kc6 1-0

[Event "CZE-ch U12"]
[Site "Kouty nad Desnou"]
[Date "2009.03.08"]
[Round "2"]
[White "Abelyan, Murad"]
[Black "Svoboda, Matej"]
[Result "0-1"]
[WhiteElo "1709"]
[BlackElo "1886"]
[PlyCount "50"]
[EventDate "2009.03.07"]
[EventType "swiss"]
[EventRounds "9"]
[EventCountry "CZE"]
[SourceTitle "EXT 2011"]
[Source "ChessBase"]
[SourceDate "2010.11.26"]
[SourceVersion "1"]
[SourceVersionDate "2010.11.26"]
[SourceQuality "1"]

1. e4 c5 2. Nf3 d6 3. d4 cxd4 4. Nxd4 Nf6 5. Nc3 Nc6 6. Bg5 e6 7. Qd2 a6 8. 0-0-0 Bd7 9. f4 h6 10. Bxf6 Qxf6 11. g3 Qxd4 12. Qxd4 Nxd4 13. Rxd4 g6 14. Nd1 Ke7 15. Ne3 Bg7 16. Rd2 Bc6 17. Bg2 Rhd8 18. Rhd1 b5 19. e5 d5 20. c4 bxc4 21. Nxc4 Rdc8 22. Nb6 Ba4+ 23. Kb1 Bxd1 24. Nxa8 Bg4 25. Nb6 Bf5+ 0-1

[Event "CZE-ch U12"]
[Site "Kouty nad Desnou"]
[Date "2009.03.07"]
[Round "1"]
[White "Svoboda, Matej"]
[Black "Kaluzny, Matyas"]
[Result "1-0"]
[WhiteElo "1886"]
[BlackElo "1745"]
[PlyCount "115"]
[EventDate "2009.03.07"]
[EventType "swiss"]
[EventRounds "9"]
[EventCountry "CZE"]
[SourceTitle "EXT 2011"]
[Source "ChessBase"]
[SourceDate "2010.11.26"]
[SourceVersion "1"]
[SourceVersionDate "2010.11.26"]
[SourceQuality "1"]

1. e4 c5 2. Nf3 Nc6 3. d4 cxd4 4. Nxd4 g6 5. Be3 Bg7 6. Nc3 Nf6 7. Bc4 0-0 8. Bb3 a5 9. 0-0 a4 10. Nxa4 Nxe4 11. Nb5 Ra6 12. c4 d6 13. Re1 Bf5 14. Qe2 Ne5 15. Rad1 Qc8 16. Nb6 Qd8 17. Nd5 Nf6 18. Nb4 Ra8 19. c5 Ne8 20. cxd6 Nxd6 21. Nxd6 exd6 22. Nd5 Qh4 23. Bf4 Rfe8 24. Bg3 Qd8 25. Qb5 Nd3 26. Rxe8+ Qxe8 27. Qxb7 Nxb2 28. Ne7+ Kh8 29. Re1 Qb8 30. Qxb8+ Rxb8 31. Nxf5 gxf5 32. Bxd6 Rd8 33. Be7 Rc8 34. Bxf7 Nd3 35. Rd1 Rc7 36. Bd6 Nxf2 37. Bxc7 Nxd1 38. Bb6 Nc3 39. Bb3 Be5 40. a4 Kg7 41. a5 Nb5 42. a6 Bb8 43. Bc4 Na7 44. Kf2 Kf6 45. g3 Ke5 46. Ke3 Kd6 47. Bxa7 Bxa7+ 48. Kf4 Kc5 49. Bd3 h6 50. Kxf5 Kd4 51. Bb5 Ke3 52. Kg6 Kf3 53. Bc6+ Kg4 54. Bd7+ Kf3 55. Kxh6 Kg2 56. g4 Kxh2 57. g5 Be3 58. Kh7 1-0